00405nam a2200121Ia 4500008004100000024004100041082001600082100004400098245005700142260002500199600002100224650003800245250506s9999 xx 000 0 und d a10B-76-BS, 10B-93-BS & 10B-91-BS a005.072 SAR aSarah Yaseen, Hammad Jawed & Ammad Aziz 0aToolkit for Crop Disease RIPA Based on Expert System aKarachi:bUIT,c2010 aComputer Science aBachelor of Computer Science (BS)